<?xml version="1.0" encoding="UTF-8"?>
<record
    xmlns:xsi="http://www.w3.org/2001/XMLSchema-instance"
    xsi:schemaLocation="http://www.loc.gov/MARC21/slim http://www.loc.gov/standards/marcxml/schema/MARC21slim.xsd"
    xmlns="http://www.loc.gov/MARC21/slim">

  <leader>00754nam a22001697a 4500</leader>
  <datafield tag="999" ind1=" " ind2=" ">
    <subfield code="c">7792</subfield>
    <subfield code="d">7792</subfield>
  </datafield>
  <controlfield tag="008">231023b           ||||| |||| 00| 0 eng d</controlfield>
  <datafield tag="020" ind1=" " ind2=" ">
    <subfield code="a">9788419552549</subfield>
  </datafield>
  <datafield tag="040" ind1=" " ind2=" ">
    <subfield code="a">CDMR</subfield>
    <subfield code="d">CDMR</subfield>
  </datafield>
  <datafield tag="100" ind1="1" ind2=" ">
    <subfield code="9">766</subfield>
    <subfield code="a">V&#xE1;zquez Montalb&#xE1;n, Manuel</subfield>
  </datafield>
  <datafield tag="245" ind1=" " ind2=" ">
    <subfield code="a">Los papeles de Admunsen </subfield>
    <subfield code="c">/ Manuel V&#xE1;zquez Montalb&#xE1;n; edici&#xF3;n de Jos&#xE9; Colmeiro </subfield>
  </datafield>
  <datafield tag="260" ind1=" " ind2=" ">
    <subfield code="a">Barcelona : </subfield>
    <subfield code="b">Navona, </subfield>
    <subfield code="c">2023</subfield>
  </datafield>
  <datafield tag="300" ind1=" " ind2=" ">
    <subfield code="a">440 p. </subfield>
    <subfield code="c">; 22 cm</subfield>
  </datafield>
  <datafield tag="505" ind1=" " ind2=" ">
    <subfield code="a">Novel&#xB7;la in&#xE8;dita que Manuel V&#xE1;zquez Montalb&#xE1;n va presentar al premi Biblioteca Breve.</subfield>
  </datafield>
  <datafield tag="505" ind1=" " ind2=" ">
    <subfield code="a">Cont&#xE9; una introducci&#xF3; de l'editor literari (p. 11-56), notes i obres citades (p. 415-440), i al final (sense numerar) un annex amb fotos del manuscrit original de la novel&#xB7;la.</subfield>
  </datafield>
  <datafield tag="700" ind1=" " ind2=" ">
    <subfield code="9">4897</subfield>
    <subfield code="a">Colmeiro, Jos&#xE9;</subfield>
  </datafield>
  <datafield tag="942" ind1=" " ind2=" ">
    <subfield code="2">udc</subfield>
    <subfield code="c">MON</subfield>
  </datafield>
  <datafield tag="952" ind1=" " ind2=" ">
    <subfield code="0">0</subfield>
    <subfield code="1">0</subfield>
    <subfield code="2">udc</subfield>
    <subfield code="4">0</subfield>
    <subfield code="7">0</subfield>
    <subfield code="a">CDMR</subfield>
    <subfield code="b">CDMR</subfield>
    <subfield code="d">2023-10-23</subfield>
    <subfield code="e">Donaci&#xF3;</subfield>
    <subfield code="g">24.90</subfield>
    <subfield code="l">1</subfield>
    <subfield code="o">Du 6/127</subfield>
    <subfield code="p">CDMR23100010</subfield>
    <subfield code="r">2024-01-30</subfield>
    <subfield code="s">2024-01-16</subfield>
    <subfield code="w">2023-10-23</subfield>
    <subfield code="y">MON</subfield>
  </datafield>
</record>
